000 00656nam a2200193 i 4500
001 66106
003 ES-MaACL
005 20250802013157.0
007 t|
008 040127s1902 sp |||| | spa d
100 1 _aGabriel y Galán, José María,
_d1870-1905
_953158
245 1 0 _aCastellanas /
_cJosé María Gabriel y Galán.
260 _aSalamanca :
_b[s.n.],
_c1902 (
_fFrancisco Núñez)
300 _aXXIV, 120 p. ;
_c19 cm.
530 _aDisponible en formato digital.
852 _aES-MaACL
_jT-975-F-6
856 _uhttp://bdh-rd.bne.es/viewer.vm?id=0000250174&page=1
_zBiblioteca Digital Hispánica
999 _c66106
_d66106